MARC details
| 000 -CABECERA |
| campo de control de longitud fija |
03269nam a2200421 a 4500 |
| 001 - NÚMERO DE CONTROL |
| campo de control |
dia_4834 |
| 003 - IDENTIFICADOR DEL NÚMERO DE CONTROL |
| campo de control |
CHAP |
| 005 - FECHA Y HORA DE LA ÚLTIMA TRANSACCIÓN |
| campo de control |
20250617181746.0 |
| 007 - CAMPO FIJO DE DESCRIPCIÓN FÍSICA--INFORMACIÓN GENERAL |
| campo de control de longitud fija |
ta |
| 008 - DATOS DE LONGITUD FIJA--INFORMACIÓN GENERAL |
| campo de control de longitud fija |
220117s2008 mx ado fr 001 0 spa d |
| 010 ## - NÚMERO DE CONTROL DE LA BIBLIOTECA DEL CONGRESO |
| Número de control de LC |
175634 |
| 020 ## - NÚMERO INTERNACIONAL ESTÁNDAR DEL LIBRO |
| Número Internacional Estándar del Libro |
978-970-10-6652-2 |
| 040 ## - FUENTE DE LA CATALOGACIÓN |
| Centro/agencia transcriptor |
CHAP |
| Centro catalogador/agencia de origen |
mxchpua |
| Normas de descripción |
rda |
| 041 ## - CÓDIGO DE LENGUA |
| Código de lengua del texto/banda sonora o título independiente |
spa |
| Código de lengua del sumario o resumen |
spa |
| Código de lengua de la tabla de contenido |
spa |
| Código de lengua original |
eng |
| 050 10 - SIGNATURA TOPOGRÁFICA DE LA BIBLIOTECA DEL CONGRESO |
| Número de clasificación |
QD453.2 |
| Número de documento/Ítem |
.C43 2008 |
| 082 00 - NÚMERO DE LA CLASIFICACIÓN DECIMAL DEWEY |
| Número de edición |
20 |
| Número de clasificación |
541 |
| Número de documento/Ítem |
C43 2008 |
| 100 1# - ENTRADA PRINCIPAL--NOMBRE DE PERSONA |
| Nombre de persona |
Chang, Raymond |
| 9 (RLIN) |
21856 |
| 240 1# - TÍTULO UNIFORME |
| Título uniforme |
Physical chemistry for the chemical and biological sciences. |
| Lenguaje de la obra |
Español |
| 245 10 - MENCIÓN DE TÍTULO |
| Título |
Fisicoquímica para la ciencias químicas y biológicas / |
| Mención de responsabilidad, etc. |
Raymond Chang ; traductores Rosa Zugazagoitia Herranz...[et al.] |
| 250 ## - MENCIÓN DE EDICIÓN |
| Mención de edición |
3a edición |
| 264 ## - PRODUCCIÓN, PUBLICACIÓN, DISTRIBUCIÓN, FABRICACIÓN Y COPYRIGHT |
| Producción, publicación, distribución, fabricación y copyright |
México : |
| Nombre del de productor, editor, distribuidor, fabricante |
McGraw-Hill Interamericana, |
| Fecha de producción, publicación, distribución, fabricación o copyright |
2008 |
| 300 ## - DESCRIPCIÓN FÍSICA |
| Extensión |
xvii,1018 páginas : |
| Otras características físicas |
ilustraciones, gráficas, diagramas, tablas, fotos |
| 336 ## - TIPO DE CONTENIDO |
| Fuente |
rdacontent |
| Término de tipo de contenido |
texto |
| Código de tipo de contenido |
txt |
| 337 ## - TIPO DE MEDIO |
| Fuente |
rdamedia |
| Nombre/término del tipo de medio |
no mediado |
| Código del tipo de medio |
n |
| 338 ## - TIPO DE SOPORTE |
| Fuente |
rdacarrier |
| Nombre/término del tipo de soporte |
volumen |
| Código del tipo de soporte |
nc |
| 504 ## - NOTA DE BIBLIOGRAFÍA, ETC. |
| Nota de bibliografía, etc. |
Incluye bibliografías |
| 505 0# - NOTA DE CONTENIDO CON FORMATO |
| Nota de contenido con formato |
Prefacio --<br/>1. Introducción --<br/>2. Leyes de los gases --<br/>3. Teoría cinética de los gases --<br/>4. La primera ley de la termodinámica --<br/>5. Segunda ley de la termodinámica --<br/>6. Las energías Gibbs y de Helmholtz y sus aplicaciones --<br/>7. Soluciones no electrolíticas --<br/>8. Soluciones electrolíticas --<br/>9. Equilibrio químico --<br/>10. Electroquímica --<br/>11. Ácidos y bases --<br/>12. Cinética química --<br/>13. Cinética enzimática --<br/>14. Mecánica cuántica y estructura atómica --<br/>15. El enlace químico --<br/>16. Fuerzas intermoleculares --<br/>17. Espectroscopia --<br/>18. Simetría molecular y actividad óptica --<br/>19. Fotoquímica y fotobiología --<br/>20. El estado sólido --<br/>21. El estado líquido --<br/>22. Macromoléculas --<br/>23. Termodinámica estática --<br/>Apéndices --<br/>Glosario --<br/>Índices |
| 520 2# - SUMARIO, ETC. |
| Sumario, etc. |
El texto tiene como objetivo cubrir los temas que se estudian en los primeros semestres de la carrera de Química y durante las carreras relacionadas con las ciencias biológicas, desarrollando todos los temas con un enfoque didáctico y con énfasis especial en la comprensión de los conceptos básicos y sus aplicaciones en los sistemas químicos y biológicos. La forma de abordar los temas coincide con las nuevas tendencias en la enseñanza académica. Por otra parte, el contenido está totalmente actualizado y contiene temas de extrema importancia actual que difícilmente se encuentran en otros libros de texto a nivel comprensible. Contiene apéndices con derivaciones matemáticas de ecuaciones y extensiones de los temas revisados en cada capítulo. Contiene la sección ¿ecuaciones clave?, repasando brevemente a las ecuaciones presentadas en cada capítulo. Aborda ampliamente el tema de termodinámica (3 capítulos), además de un capítulo sobre estadísticas de termodinámica. Leyes de gases. |
| 650 13 - PUNTO DE ACCESO ADICIONAL DE MATERIA--TÉRMINO DE MATERIA |
| Término de materia o nombre geográfico como elemento de entrada |
Bioquímica |
| 9 (RLIN) |
12849 |
| Fuente del encabezamiento o término |
atg |
| 650 13 - PUNTO DE ACCESO ADICIONAL DE MATERIA--TÉRMINO DE MATERIA |
| Término de materia o nombre geográfico como elemento de entrada |
Química, física y teórica |
| 9 (RLIN) |
132607 |
| Fuente del encabezamiento o término |
atg |
| 650 13 - PUNTO DE ACCESO ADICIONAL DE MATERIA--TÉRMINO DE MATERIA |
| Término de materia o nombre geográfico como elemento de entrada |
Biochemistry |
| 9 (RLIN) |
150448 |
| Fuente del encabezamiento o término |
atg |
| 650 13 - PUNTO DE ACCESO ADICIONAL DE MATERIA--TÉRMINO DE MATERIA |
| Término de materia o nombre geográfico como elemento de entrada |
Chemistry, physical and theoretical |
| 9 (RLIN) |
150372 |
| Fuente del encabezamiento o término |
atg |
| 700 1# - PUNTO DE ACCESO ADICIONAL--NOMBRE DE PERSONA |
| Nombre de persona |
Zugazagoitia Herranz, Rosa |
| 9 (RLIN) |
186159 |
| Término indicativo de función/relación |
traductora |
| 942 ## - ELEMENTOS DE PUNTO DE ACCESO ADICIONAL (KOHA) |
| Tipo de ítem Koha |
Libro |
| Fuente del sistema de clasificación o colocación |
Dewey Decimal Classification |
| 901 ## - ELEMENTOS DE DATOS A LOCAL LDA (RLIN) |
| a |
541 C43 2008 |
| 902 ## - ELEMENTOS DE DATOS B LOCAL, LDB (RLIN) |
| a |
M |
| 905 ## - ELEMENTOS DE DATOS E LOCAL, LDE (RLIN) |
| a |
5232272008 mx mni 8222223322spa16 |